| 000 | 00551nam a2200217 a 4500 | ||
|---|---|---|---|
| 999 |
_c4573 _d4573 |
||
| 001 | 4573 | ||
| 003 | BD-JhCC | ||
| 005 | 20180402193541.0 | ||
| 008 | 171128s1964 e b|||| ||| 000 0 eng d | ||
| 035 | _a(BD-JhCC)4573 | ||
| 040 |
_aBD-JhCC _dBD-JhCC |
||
| 041 | _aeng | ||
| 082 |
_a912.75 _bMUR 1964 |
||
| 100 | _aMurray, Allan | ||
| 245 |
_aThe Studay Map Note Books : _bAsia / _cAllan Murray, |
||
| 260 |
_aLondon : _bCollins Clear-Type Press, _c1964. |
||
| 300 |
_a96 p. : _c24 cm. |
||
| 650 | _aMap Study | ||
| 942 |
_2ddc _cBK |
||